Огнеупорные бетоны: сборник научных трудов

التفاصيل البيبلوغرافية
مؤلف مشترك: Всесоюзный государственный институт научно-исследовательских и проектных работ огнеупорной промышленности
مؤلفون آخرون: Турчанинов В. С. (редактор)
اللغة:الروسية
منشور في: Ленинград, ВИО, 1984
الموضوعات:
التنسيق: MixedMaterials كتاب
KOHA link:https://koha.lib.tpu.ru/cgi-bin/koha/opac-detail.pl?biblionumber=91581

MARC

LEADER 00000nam0a2200000 4500
001 91581
005 20231031104139.0
035 |a (RuTPU)RU\TPU\book\98170 
090 |a 91581 
100 |a 20060227d1984 k y0rusy50 ca 
101 0 |a rus 
102 |a RU 
105 |a a z 001zy 
200 1 |a Огнеупорные бетоны  |e сборник научных трудов  |f Всесоюзный государственный институт научно-исследовательских и проектных работ огнеупорной промышленности; под ред. В. С. Турчанинова 
210 |a Ленинград  |c ВИО  |d 1984 
215 |a 112 с.  |c ил. 
320 |a Библиогр. в конце статей 
610 1 |a бетон 
610 1 |a огнеупорные бетоны 
610 1 |a сборники 
610 1 |a применение 
610 1 |a качество 
610 1 |a производство 
675 |a 666.974.2  |v 3 
702 1 |a Турчанинов  |b В. С.  |4 340 
712 0 2 |a Всесоюзный государственный институт научно-исследовательских и проектных работ огнеупорной промышленности 
801 1 |a RU  |b 63413507  |c 20060227  |g PSBO 
801 2 |a RU  |b 63413507  |c 20060307  |g PSBO 
942 |c BK